<?xml version="1.0" encoding="UTF-8"?>
<record
    xmlns:xsi="http://www.w3.org/2001/XMLSchema-instance"
    xsi:schemaLocation="http://www.loc.gov/MARC21/slim http://www.loc.gov/standards/marcxml/schema/MARC21slim.xsd"
    xmlns="http://www.loc.gov/MARC21/slim">

  <leader>01407nam a2200205 a 4500</leader>
  <controlfield tag="008">190916s2015    a  ||||gr|||| 000 f spa d</controlfield>
  <datafield tag="020" ind1=" " ind2=" ">
    <subfield code="a">9789504936732</subfield>
  </datafield>
  <datafield tag="041" ind1=" " ind2=" ">
    <subfield code="a">spa</subfield>
  </datafield>
  <datafield tag="092" ind1=" " ind2=" ">
    <subfield code="c">808</subfield>
    <subfield code="l">26</subfield>
    <subfield code="s">FON</subfield>
  </datafield>
  <datafield tag="100" ind1="1" ind2=" ">
    <subfield code="a">Fontanarrosa, Roberto.</subfield>
    <subfield code="9">4089</subfield>
  </datafield>
  <datafield tag="245" ind1="3" ind2=" ">
    <subfield code="a">Te digo m&#xE1;s...y otros cuentos /</subfield>
    <subfield code="c">Roberto Fontanarrosa</subfield>
  </datafield>
  <datafield tag="250" ind1=" " ind2=" ">
    <subfield code="a">2a ed.</subfield>
  </datafield>
  <datafield tag="260" ind1=" " ind2=" ">
    <subfield code="a">Buenos Aires:</subfield>
    <subfield code="b">Planeta;</subfield>
    <subfield code="c">2015.</subfield>
  </datafield>
  <datafield tag="300" ind1=" " ind2=" ">
    <subfield code="a">304 p.</subfield>
    <subfield code="b">21x13cm</subfield>
  </datafield>
  <datafield tag="500" ind1=" " ind2=" ">
    <subfield code="a">Fontanarrosa, R. (2015). Te digo mas...y otros cuentos. (2a ed.). Buenos Aires : Planeta.</subfield>
  </datafield>
  <datafield tag="505" ind1=" " ind2=" ">
    <subfield code="a">"Porque, decime vos, qu&#xE9; carajo tiene que ver con nosotros y con nuestra costumbres el Pap&#xE1; No&#xE9;l. &#xBF;Qui&#xE9;n le dio chapa al Pap&#xE1; No&#xE9;l? Un tipo vestido para la nieve, abrigado como para ir a la Ant&#xE1;rtida, en un trineo tirado por renos. &#xA1;Renos, mi querido! &#xBF;Cu&#xE1;ndo mierda hemos visto un reno nosotros?". Al Gordo Luis lo despidieron de su trabajo. Cerca de la Navidad acepta una changa para disfrazarse de Pap&#xE1; No&#xE9;l. Con un calor exacerbante, el Gordo empieza a sudar la gota gorda. Hasta que una vecina le alcanza una jarra con una bebida que parece ser limonada, pero resulta ser vino blanco... "Te digo m&#xE1;s" es uno de los veintis&#xE9;is relatos que integran este volumen. Entre ellos, "Un barrio sin guapos" y "Mam&#xE1;", uno de los cuentos m&#xE1;s celebrados de Fontanarrosa. </subfield>
  </datafield>
  <datafield tag="590" ind1=" " ind2=" ">
    <subfield code="a">Donaci&#xF3;n septiembre 2019.</subfield>
  </datafield>
  <datafield tag="655" ind1=" " ind2=" ">
    <subfield code="a">Literatura</subfield>
    <subfield code="9">2917</subfield>
  </datafield>
  <datafield tag="942" ind1=" " ind2=" ">
    <subfield code="2">ddc</subfield>
    <subfield code="c">LIT</subfield>
  </datafield>
  <datafield tag="999" ind1=" " ind2=" ">
    <subfield code="c">3044</subfield>
    <subfield code="d">3044</subfield>
  </datafield>
  <datafield tag="952" ind1=" " ind2=" ">
    <subfield code="0">0</subfield>
    <subfield code="1">0</subfield>
    <subfield code="2">ddc</subfield>
    <subfield code="4">0</subfield>
    <subfield code="7">0</subfield>
    <subfield code="a">BFM</subfield>
    <subfield code="b">BFM</subfield>
    <subfield code="c">PROC</subfield>
    <subfield code="d">2019-09-16</subfield>
    <subfield code="e">Donaci&#xF3;n septiembre 2019.</subfield>
    <subfield code="l">0</subfield>
    <subfield code="o">808 26 FON</subfield>
    <subfield code="p">4577</subfield>
    <subfield code="r">2019-09-16</subfield>
    <subfield code="t">Ej. 1</subfield>
    <subfield code="w">2019-09-16</subfield>
    <subfield code="y">LIT</subfield>
    <subfield code="z">Proyecto 4to libro Donaci&#xF3;n . Septiembre 2019.</subfield>
  </datafield>
</record>
